00746 2200217 4500001002100000005001700021008004100038035002500079040001200104082001300116084002100129110004900150245013300199250001000332260004700342300003300389650002700422710004900449850001200498990001800510INLIS00000000001632620160120131901.0  a0010-011600000000417 aYOPDYOG a315.9824 aNUS 315.9824 Bad aBADAN PUSAT STATISTIK ( Provinsi Jawa Timur) aProvinsi Jawa timur dalam angkab:jawa Timur Province in figures 2012c/ penyunting Bidang Neraca Wilayah dan Analisis Statistik aCet.2 aSurabaya:bBPS Provinsi Jawa Timur,c2012. aLIV, 532 hlm.:bilus.; 21 cm aStatistik - Jawa Timur aBidang Neraca Wilayah dan Analisis Statistik aYOPDYOG a46567-PD/A.15